5 Biggest Cities in Ukraine - Statistics

General Stats
  • This quiz has been taken 30 times
  • The average score is 4 of 5
Answer Stats
Number City % Correct
1. Kyiv
96%
3. Donetsk
86%
4. Odessa
79%
2. Kharkiv
71%
5. Dnipro
64%
No matching quizzes found
Score Distribution
Percent of People with Each Score
Percentile by Number Answered
Your Score History
You have not taken this quiz